| 000 | 01909cam a2200409 a 4500 | ||
|---|---|---|---|
| 999 |
_c2392 _d2392 |
||
| 001 | 867583 | ||
| 003 | OSt | ||
| 005 | 20230505165850.0 | ||
| 008 | 200406s2011 enka b 001 1 eng d | ||
| 020 |
_a9780007433049 _q(paperback) : |
||
| 040 |
_aTWTCL _beng _cTWTCL _eaacr _dKH8 |
||
| 041 | 0 | _aeng | |
| 042 | _anbic | ||
| 082 | 0 | _a332.04 WOR | |
| 100 | 1 |
_aWorth, Bonnie. _eauthor |
|
| 245 | 1 | 0 |
_aOne cent, two cent, old cent, new cent / _cby Bonnie Worth ; illustrated by Aristides Ruiz and Joe Mathieu. |
| 246 | 1 |
_iSubtitle on cover : _aAll about money. |
|
| 264 | 1 |
_aLondon : _bHarpercollins Children's Books, _c2011. |
|
| 300 |
_a45 pages : _bcolor illustrations ; _c23 cm. |
||
| 336 |
_atext _btxt _2rdacontent. |
||
| 337 |
_aunmediated _bn _2rdamedia. |
||
| 338 |
_avolume _bnc _2rdacarrier. |
||
| 490 | 1 | _aThe Cat in the Hat's learning library. | |
| 500 | _aBased on the characters created by Dr Seuss. | ||
| 500 | _aIncludes index. | ||
| 520 | _aThis title and others form part of a series of books that takes an off-beat look at nature and natural sciences through a fun combination of Seussian rhymes and zany illustrations. Aimed at early readers -- from four to seven year olds -- the books are designed to bridge the gap between concept books written for preschoolers and more formal non fiction titles that require fluent reading skills. By presenting the facts in a lively and rhythmic manner, they provide the critical foundation upon which complex facts and ideas can eventually be built. | ||
| 521 | _a4-8. | ||
| 600 | 0 | 0 |
_aCat in the Hat _c(Fictitious character) _vJuvenile fiction. |
| 650 | 0 |
_aMoney _xJuvenile literature. |
|
| 650 | 0 |
_aArithmetic _xJuvenile literature. |
|
| 653 | _aKF. | ||
| 700 | 1 |
_aRuiz, Aristides. _eillustrator |
|
| 700 | 1 |
_aMathieu, Joe, _d1949- |
|
| 700 | 1 |
_aSeuss, _cDr. |
|
| 830 | 0 | _aCat in the Hat's learning library. | |
| 942 |
_2ddc _cNFIC |
||